| 000 | 01281nam a2200253Ia 4500 | ||
|---|---|---|---|
| 999 |
_c35867 _d35867 |
||
| 001 | 1758 | ||
| 003 | GE_BSU | ||
| 005 | 20231002154918.0 | ||
| 008 | 181216s2009||||ge |||||||||||||| ||geo|| | ||
| 020 | _a9789941100987 | ||
| 040 | _cGE_BSU | ||
| 041 | _ageo | ||
| 080 | _a398:821.353.1 დ–56 | ||
| 100 |
_aდიუმეზილი, ჟორჟ _919972 |
||
| 245 |
_aლაზური ზღაპრები და გადმოცემები = Contes et recits Lazes / _c ჟორჟ დიუმეზილი ; ლაზური ტექსტების ქართ. ვერსია და ლექსიკონი შეადგინა მანანა ბუკიამ ; [რედ. მერაბ ჩუხუა] ; არნ. ჩიქობავას ენათმეცნ. ინ-ტი. |
||
| 260 | _c2009 | ||
| 264 |
_aთბილისი : _b[ენათმეცნ. ინ-ტი], _c2009. |
||
| 300 |
_a457 გვ.; _b29 სმ. |
||
| 500 | _aტექსტი ქართ. და ფრანგ. | ||
| 501 | _aლექსიკონი: გვ. 239-325. | ||
| 653 | _aლაზური ტექსტები | ||
| 653 | _aლაზური ენის გრამატიკა | ||
| 942 |
_cBK _2udc |
||